| 000 | 00611nam a2200181 4500 | ||
|---|---|---|---|
| 999 |
_c189073 _d189073 |
||
| 005 | 20220613110513.0 | ||
| 010 | _aENG-133240 | ||
| 020 |
_a9788178243320 _c595.00 |
||
| 035 | _aEN-116772 | ||
| 037 | _bDBAD/PUB | ||
| 082 | _a320.557095491 | ||
| 100 | _aIqtidar, Humeira | ||
| 245 |
_aSecularizing Islamist?: _bJama'at-e-Islami and Jama'at-ud-da 'wa in Urban Pakistan/ _cHumeira Iqtidar |
||
| 260 |
_aRanikhet _bPermanent Black _c2011 |
||
| 270 |
_aHimalayan, Mall Road _bRanikhet _e263645 _m<perblack@gmail.com> |
||
| 300 |
_a216p. _bIndex _c22cm(hbk) |
||
| 942 |
_2ddc _cEN _h320.557095491 _mIQT |
||